Cagliari Elmas Airport Destinations (Elmas, Italy) - Statistics

General Stats
  • This quiz has been taken 118 times
    49 since last reset
  • The average score is 44 of 62
Answer Stats
Airline Destination % Correct
AeroItalia/ITA Airways Milan (Linate)
95%
easyJet/Neos/Ryanair Milan (Malpensa)
95%
Air France Paris (Charles de Gaulle)
95%
easyJet/Transavia Paris (Orly)
95%
Ryanair Rome (Ciampino)
95%
AeroItalia/ITA Airways Rome (Fiumicino)
95%
KLM Amsterdam
92%
Lufthansa Frankfurt
92%
British Airways London (Gatwick)
92%
Ryanair London (Stansted)
92%
Vueling Barcelona
89%
Iberia/Ryanair Madrid
89%
easyJet/Ryanair Naples
89%
Scandinavian Airlines Copenhagen
87%
Lufthansa Munich
87%
Ryanair/Volotea Venice
87%
Austrian Airlines/Ryanair Vienna
87%
Ryanair Bari
84%
Volotea Florence
84%
Ryanair Palermo
84%
Ryanair Turin
84%
Edelweiss Air Zürich
84%
AlbaStar/Ryanair Bergamo
82%
Neos/Ryanair Bologna
82%
AeroItalia/Ryanair Catania
82%
Ryanair Pisa
82%
Ryanair Budapest
79%
Eurowings Hamburg
79%
Smartwings Prague
79%
Ryanair Valencia
79%
easyJet Geneva
76%
Ryanair Genoa
76%
Ryanair Stockholm (Arlanda)
76%
Neos/Ryanair/Volotea Verona
76%
Ryanair Dublin
74%
Eurowings Düsseldorf
74%
Ryanair Kraków
74%
Ryanair Palma de Mallorca
74%
easyJet Basel/Mulhouse
71%
easyJet Lyon
71%
Luxair Luxembourg
68%
Ryanair Trieste
68%
Ryanair Hahn
63%
Ryanair Malta
63%
Ryanair Porto
61%
Eurowings Stuttgart
58%
Ryanair Charleroi
55%
Ryanair Seville
55%
SkyAlps Bolzano
53%
Ryanair Rimini
53%
Ryanair Beauvais
50%
Ryanair Parma
50%
Ryanair Poznań
50%
Ryanair Nuremberg
47%
Ryanair Perugia
47%
Ryanair Pescara
45%
Ryanair Gothenburg
39%
Ryanair Weeze
37%
Ryanair Cuneo
34%
Marathon Airlines Innsbruck
29%
Ryanair Karlsruhe/Baden-Baden
24%
Ryanair Carcassonne
16%
No matching quizzes found
Score Distribution
Percent of People with Each Score
Percentile by Number Answered
Your Score History
You have not taken this quiz since the last reset